Determination of the degree of cross-linking of rubber sheets based on their acoustic resonance frequency (Record no. 75290)

MARC details
000 -LEADER
fixed length control field 00571nam a22001937a 4500
100 ## - MAIN ENTRY--AUTHOR NAME
Personal name Hopmann, C.
245 ## - TITLE STATEMENT
Title Determination of the degree of cross-linking of rubber sheets based on their acoustic resonance frequency
260 ## - PUBLICATION, DISTRIBUTION, ETC. (IMPRINT)
Name of publisher Kautschuk Gummi Kunststoffe, 76(5): 2023. 55-61.
300 ## - PHYSICAL DESCRIPTION
Other physical details October
650 ## - SUBJECT ADDED ENTRY--TOPICAL TERM
Topical Term Acoustics
650 ## - SUBJECT ADDED ENTRY--TOPICAL TERM
Topical Term Material characterization
650 ## - SUBJECT ADDED ENTRY--TOPICAL TERM
Topical Term Resonance frequency
650 ## - SUBJECT ADDED ENTRY--TOPICAL TERM
Topical Term Rubber process analyzer
650 ## - SUBJECT ADDED ENTRY--TOPICAL TERM
Topical Term Degree of cross-linking
700 ## - ADDED ENTRY--PERSONAL NAME
Personal name Fey, F
700 ## - ADDED ENTRY--PERSONAL NAME
Personal name Schon, M
700 ## - ADDED ENTRY--PERSONAL NAME
Personal name Limper, A
942 ## - ADDED ENTRY ELEMENTS (KOHA)
Koha item type Journals
Holdings
Withdrawn status Lost status Damaged status Not for loan Home library Current library Date acquired Koha item type
        RRII Library RRII Library 24/05/2024 Journals